| 000 | 00970nam a22002657a 4500 | ||
|---|---|---|---|
| 005 | 20170124110242.0 | ||
| 010 | _aB-163320 | ||
| 020 |
_c2250.00 _a9780195659719 |
||
| 035 | _aB-163320 | ||
| 037 | _bCen Lib/Ret | ||
| 040 |
_aDPL _bEN |
||
| 082 |
_a921 _bVAR |
||
| 100 |
_aVarma, C. Raja Raja _995559 |
||
| 245 |
_aRaja Ravi Varma, portrait of an artist : _cC. Raja Raja Varma ; edited by Erwin Neumayer [and] Christine Schelberger _bthe diary of C. Raja Raja Varma / |
||
| 246 | _b | ||
| 260 |
_aNew Delhi _bOxford University Press _c2005 |
||
| 270 |
_bNew Delhi _aYMCA bulding, Jai Singh road _e110001 |
||
| 300 |
_axvi, 340p. : _c29cm(Hb) _bill. |
||
| 500 | _aIncludes bibliographical references and index | ||
| 650 |
_aVarma, C. Raja Raja, -- 1860-1905. _995560 |
||
| 650 |
_aPainters -- India -- Biography. _995561 |
||
| 700 |
_aNeumayer, Erwin _941741 |
||
| 700 |
_aSchelberger, Christine _995562 |
||
| 942 |
_2ddc _cEN _h921 _mVAR |
||
| 999 |
_c135249 _d135249 |
||